Regulácia napätia v prenosovej sústave 400 kV kompenzáciou reaktačného výkonu : Dipl.práca /

Na minha lista:
Detalhes bibliográficos
Autor principal: Mjartan, Ľuboš (Author)
Outros Autores: Antal, Jarolím (Thesis advisor)
Formato: Manuscrito Livro
Publicado em: Bratislava : STU v Bratislave FEI, 1997
Tags: Adicionar Tag
Sem tags, seja o primeiro a adicionar uma tag!

MARC

LEADER 00000ntm a22000003a 4500
001 stu10461
005 20160719164950.5
008 980114s1997----------------------------d
040 |a STU  |b slo 
041 0
100 1 |a Mjartan, Ľuboš  |4 aut 
245 1 |a Regulácia napätia v prenosovej sústave 400 kV kompenzáciou reaktačného výkonu :  |b Dipl.práca /  |c [aut.] Mjartan,Ňuboš; Škol. Antal,Jarolím 
260 |a Bratislava :  |b STU v Bratislave FEI,  |c 1997 
300 |a 58 s :  |b príl.výkresy 
700 1 |a Antal, Jarolím  |4 ths